000
00311nam a22001337a 4500
008
210301b ||||| |||| 00| 0 eng d
020
_a
9780787955052
041
_a
eng
080
_a
61
100
_a
3
101
_a
SHM
245
_a
Health Care Strategy For Uncertain Times
_c
Jennings ,C.M
942
_2
udc
_c
BK
999
_c
55408
_d
55408